00783nam a2200181 i 450000100060000000300090000600500170001500700030003200800410003502000220007610000270009824501540012526000700027930000270034965000340037665000240041085201670043482935ES-MaACL20240116131734.0t|210819s2017 xxu 00110 eng d a978-0-9970166-5-91 aRobinson, Gail Nemetz.10aPeaceful conversations : bpreventing conflict in communication : across cultures, in the workplace, among family & friends / cGail Nemetz Robinson. aSanta Monica [California, EE. UU.] : bRiversMoore Books, c2017. aXII, 128 p. ; c23 cm. 4aComunicación intercultural. 4aLenguaje y cultura.4 aES-MaACLjA-14734bR.152062cDEPO1dOlim: N-7734 gDedicatoria autógrafa de la autorahDonacion: Gail Nemetz Robinson, Ph D.xEncuadernación en cartoné